| 000 | 00564nam a2200193 i 4500 | ||
|---|---|---|---|
| 001 | 60129 | ||
| 003 | ES-MaACL | ||
| 005 | 20230906164148.0 | ||
| 007 | t| | ||
| 008 | 031103s1968 sp ||||1| spa d | ||
| 245 | 0 | 0 |
_aEspaña en su prensa _b: 1967. |
| 260 |
_aMadrid : _bServicio Informativo Español, _c1968. |
||
| 300 |
_a429 p., 20 lám. ; _c21 cm. |
||
| 490 | 1 |
_aDocumentos informativos ; _v15 |
|
| 830 | 0 |
_aDocumentos informativos ; _v15 _9182311 |
|
| 852 |
_aES-MaACL _jC-34649 _bR.66807 |
||
| 852 |
_aES-MaACL _jC-49853 _bR.67167 |
||
| 999 |
_c60129 _d60129 |
||